[Event "2024 US National High School (K-12) Championship"]
[Site "Baltimore, Maryland, United States"]
[Date "2024.04.05"]
[Round "1.18"]
[White "Ismayilova, Salbinaz"]
[Black "Padhye, Rohan"]
[Result "0-1"]
[TimeControl "G/90; d10"]
[WhiteFideId "13429949"]
[BlackFideId "30946034"]
[WhiteElo "1234"]
[BlackElo "2321"]

1. e4 {[%clk 01:30:00]} {[%emt 00:00:03]} e5 {[%clk 01:29:53]} {[%emt
00:00:17]} 2. Nf3 {[%clk 01:30:00]} {[%emt 00:00:09]} Nc6 {[%clk 01:29:53]}
{[%emt 00:00:05]} 3. Bc4 {[%clk 01:30:00]} {[%emt 00:00:07]} Nf6 {[%clk
01:29:27]} {[%emt 00:00:35]} 4. d4 {[%clk 01:29:50]} {[%emt 00:00:22]} exd4
{[%clk 01:29:05]} {[%emt 00:00:32]} 5. e5 {[%clk 01:29:50]} {[%emt 00:00:07]}
d5 {[%clk 01:28:24]} {[%emt 00:00:50]} 6. Bb5 {[%clk 01:29:50]} {[%emt
00:00:10]} Ne4 {[%clk 01:28:24]} {[%emt 00:00:08]} 7. Nxd4 {[%clk 01:29:50]}
{[%emt 00:00:06]} Bc5 {[%clk 01:26:07]} {[%emt 00:02:26]} 8. Be3 {[%clk
01:22:04]} {[%emt 00:07:56]} O-O {[%clk 01:25:23]} {[%emt 00:00:54]} 9. Nxc6
{[%clk 00:57:42]} {[%emt 00:24:33]} bxc6 {[%clk 01:25:23]} {[%emt 00:00:06]} 10.
Bxc5 {[%clk 00:57:37]} {[%emt 00:00:16]} Nxc5 {[%clk 01:25:16]} {[%emt
00:00:16]} 11. Bxc6 {[%clk 00:56:03]} {[%emt 00:01:46]} Rb8 {[%clk 01:25:16]}
{[%emt 00:00:05]} 12. O-O {[%clk 00:49:33]} {[%emt 00:06:39]} Rxb2 {[%clk
01:17:22]} {[%emt 00:08:03]} 13. Bxd5 {[%clk 00:41:59]} {[%emt 00:07:46]} Ba6
{[%clk 01:08:29]} {[%emt 00:09:02]} 14. Re1 {[%clk 00:40:47]} {[%emt 00:01:22]}
Nd3 {[%clk 01:04:24]} {[%emt 00:04:15]} 15. cxd3 {[%clk 00:34:41]} {[%emt
00:06:17]} Qxd5 {[%clk 01:04:24]} {[%emt 00:00:07]} 16. Nc3 {[%clk 00:23:47]}
{[%emt 00:11:04]} Qd4 {[%clk 00:59:49]} {[%emt 00:04:45]} 17. Ne4 {[%clk
00:23:43]} {[%emt 00:00:14]} Bxd3 {[%clk 00:55:54]} {[%emt 00:04:04]} 18. Rc1
{[%clk 00:18:08]} {[%emt 00:05:45]} Rd8 {[%clk 00:49:08]} {[%emt 00:06:55]} 19.
Qf3 {[%clk 00:02:40]} {[%emt 00:15:39]} Bxe4 {[%clk 00:44:32]} {[%emt
00:04:47]} 20. Rxe4 {[%clk 00:02:40]} {[%emt 00:00:03]} Qd2 {[%clk 00:38:03]}
{[%emt 00:06:38]} 21. Rf1 {[%clk 00:02:39]} {[%emt 00:00:11]} Rxa2 {[%clk
00:34:51]} {[%emt 00:03:22]} 22. e6 {[%clk 00:02:39]} {[%emt 00:00:02]} fxe6
{[%clk 00:34:34]} {[%emt 00:00:26]} 23. Rxe6 {[%clk 00:02:39]} {[%emt
00:00:05]} Rf8 {[%clk 00:34:21]} {[%emt 00:00:22]} 24. Qb3 {[%emt 00:00:20]}
Kh8 {[%clk 00:32:33]} {[%emt 00:01:56]} 25. h3 {[%clk 00:02:31]} {[%emt
00:00:07]} h6 {[%clk 00:28:10]} {[%emt 00:04:33]} 26. Qc4 {[%clk 00:01:41]}
{[%emt 00:01:01]} Rb2 {[%clk 00:18:46]} {[%emt 00:09:33]} 27. Qxc7 {[%clk
00:01:36]} {[%emt 00:00:15]} Rxf2 {[%clk 00:15:37]} {[%emt 00:03:19]} 28. Rxh6+
{[%clk 00:01:36]} {[%emt 00:00:01]} Qxh6 {[%clk 00:11:53]} {[%emt 00:03:55]} 29.
Rxf2 {[%clk 00:01:36]} {[%emt 00:00:04]} Rxf2 {[%clk 00:11:37]} {[%emt
00:00:25]} 30. Qc8+ {[%clk 00:01:36]} {[%emt 00:00:05]} Kh7 {[%clk 00:11:37]}
{[%emt 00:00:08]} 31. Kxf2 {[%clk 00:01:36]} {[%emt 00:00:01]} Qf4+ {[%clk
00:11:12]} {[%emt 00:00:34]} 32. Kg1 {[%clk 00:01:34]} {[%emt 00:00:14]} Qe3+
{[%clk 00:11:05]} {[%emt 00:00:16]} 33. Kf1 {[%clk 00:01:34]} {[%emt 00:00:05]}
Qd3+ {[%clk 00:10:44]} {[%emt 00:00:31]} 34. Kf2 {[%clk 00:01:34]} {[%emt
00:00:06]} Qd4+ {[%clk 00:09:38]} {[%emt 00:01:15]} 35. Kf3 {[%clk 00:01:34]}
{[%emt 00:00:02]} Qd5+ {[%clk 00:09:03]} {[%emt 00:00:45]} 36. Kg3 {[%clk
00:01:25]} {[%emt 00:00:19]} a5 {[%clk 00:07:34]} {[%emt 00:01:38]} 37. Qc2+
{[%clk 00:01:25]} {[%emt 00:00:05]} Kh6 {[%clk 00:07:34]} {[%emt 00:00:07]} 38.
Qa4 {[%clk 00:01:25]} {[%emt 00:00:11]} Qd6+ {[%clk 00:04:42]} {[%emt
00:03:01]} 39. Kf3 {[%clk 00:01:25]} {[%emt 00:00:06]} Qd3+ {[%clk 00:04:38]}
{[%emt 00:00:13]} 40. Kf2 {[%clk 00:01:09]} {[%emt 00:00:26]} Qd2+ {[%clk
00:04:16]} {[%emt 00:00:32]} 41. Kf3 {[%clk 00:01:09]} {[%emt 00:00:02]} Qc3+
{[%clk 00:03:16]} {[%emt 00:01:10]} 42. Kf2 {[%clk 00:01:09]} {[%emt 00:00:03]}
Kg6 {[%clk 00:02:24]} {[%emt 00:01:01]} 43. Qe8+ {[%clk 00:01:09]} {[%emt
00:00:10]} Kf6 {[%clk 00:02:24]} {[%emt 00:00:08]} 44. Qf8+ {[%clk 00:01:09]}
{[%emt 00:00:06]} Ke6 {[%clk 00:02:24]} {[%emt 00:00:02]} 45. Qe8+ {[%clk
00:00:50]} {[%emt 00:00:30]} Kd6 {[%clk 00:02:24]} {[%emt 00:00:07]} 46. Qb8+
{[%clk 00:00:50]} {[%emt 00:00:05]} Kc5 {[%clk 00:02:11]} {[%emt 00:00:23]} 47.
Qf8+ {[%clk 00:00:44]} {[%emt 00:00:16]} Kc4 {[%clk 00:02:11]} {[%emt
00:00:04]} 48. Qf7+ {[%clk 00:00:44]} {[%emt 00:00:05]} Kb4 {[%clk 00:02:11]}
{[%emt 00:00:05]} 49. Qb7+ {[%clk 00:00:44]} {[%emt 00:00:03]} Ka3 {[%clk
00:02:11]} {[%emt 00:00:05]} 50. g4 {[%clk 00:00:40]} {[%emt 00:00:14]} 0-1

[Event "2024 US National High School (K-12) Championship"]
[Site "Baltimore, Maryland, United States"]
[Date "2024.04.05"]
[Round "1.19"]
[White "Kaplan, Avi Harrison"]
[Black "Jammalamadaka, Vihaan"]
[Result "0-1"]
[TimeControl "G/90; d10"]
[WhiteFideId "30934559"]
[BlackFideId "30977134"]
[WhiteElo "2319"]
[BlackElo "2021"]

1. f4 {[%clk 01:30:00]} {[%emt 00:00:03]} Nf6 {[%clk 01:29:04]} {[%emt
00:01:05]} 2. Nf3 {[%clk 01:30:00]} {[%emt 00:00:05]} g6 {[%clk 01:28:06]}
{[%emt 00:01:09]} 3. g3 {[%clk 01:30:00]} {[%emt 00:00:05]} Bg7 {[%clk
01:27:10]} {[%emt 00:01:06]} 4. Bg2 {[%clk 01:30:00]} {[%emt 00:00:03]} O-O
{[%clk 01:26:20]} {[%emt 00:01:01]} 5. d3 {[%clk 01:30:00]} {[%emt 00:00:04]}
d5 {[%clk 01:26:06]} {[%emt 00:00:24]} 6. O-O {[%clk 01:30:00]} {[%emt
00:00:04]} c6 {[%clk 01:24:50]} {[%emt 00:01:27]} 7. c3 {[%clk 01:28:08]}
{[%emt 00:02:02]} Qb6+ {[%clk 01:21:54]} {[%emt 00:03:06]} 8. e3 {[%clk
01:14:07]} {[%emt 00:14:11]} Bg4 {[%clk 01:09:54]} {[%emt 00:12:09]} 9. a4
{[%clk 01:12:59]} {[%emt 00:01:18]} a5 {[%clk 01:07:49]} {[%emt 00:02:15]} 10.
Kh1 {[%clk 01:11:25]} {[%emt 00:01:43]} Nbd7 {[%clk 01:05:49]} {[%emt
00:02:10]} 11. Qc2 {[%clk 01:10:47]} {[%emt 00:00:48]} Nc5 {[%clk 00:43:40]}
{[%emt 00:22:19]} 12. Ne5 {[%clk 00:56:12]} {[%emt 00:14:46]} Nb3 {[%clk
00:34:49]} {[%emt 00:09:01]} 13. Ra3 {[%clk 00:54:52]} {[%emt 00:01:30]} Nxc1
{[%clk 00:34:43]} {[%emt 00:00:16]} 14. Qxc1 {[%clk 00:54:52]} {[%emt
00:00:06]} Bf5 {[%clk 00:33:41]} {[%emt 00:01:11]} 15. Re1 {[%clk 00:52:38]}
{[%emt 00:02:25]} Rad8 {[%clk 00:30:30]} {[%emt 00:03:20]} 16. Nd2 {[%clk
00:51:52]} {[%emt 00:00:57]} Ng4 {[%clk 00:28:49]} {[%emt 00:01:51]} 17. Nxg4
{[%clk 00:50:07]} {[%emt 00:01:55]} Bxg4 {[%clk 00:28:49]} {[%emt 00:00:03]} 18.
Qc2 {[%clk 00:44:36]} {[%emt 00:05:41]} e5 {[%clk 00:25:48]} {[%emt 00:03:11]}
19. fxe5 {[%clk 00:42:34]} {[%emt 00:02:12]} Bxe5 {[%clk 00:24:55]} {[%emt
00:01:02]} 20. e4 {[%clk 00:40:27]} {[%emt 00:02:18]} Bg7 {[%clk 00:22:09]}
{[%emt 00:02:56]} 21. exd5 {[%clk 00:39:17]} {[%emt 00:01:20]} cxd5 {[%clk
00:21:07]} {[%emt 00:01:12]} 22. Raa1 {[%clk 00:35:16]} {[%emt 00:04:10]} Rfe8
{[%clk 00:18:32]} {[%emt 00:02:45]} 23. Nf1 {[%clk 00:31:29]} {[%emt 00:03:57]}
d4 {[%clk 00:13:54]} {[%emt 00:04:48]} 24. c4 {[%clk 00:23:15]} {[%emt
00:08:24]} Bh6 {[%clk 00:11:49]} {[%emt 00:02:15]} 25. Nd2 {[%clk 00:21:16]}
{[%emt 00:02:10]} Rxe1+ {[%clk 00:10:35]} {[%emt 00:01:23]} 26. Rxe1 {[%clk
00:21:09]} {[%emt 00:00:17]} Qb4 {[%clk 00:10:28]} {[%emt 00:00:17]} 27. Re4
{[%clk 00:20:27]} {[%emt 00:00:52]} f5 {[%clk 00:09:32]} {[%emt 00:01:05]} 28.
Re5 {[%clk 00:13:17]} {[%emt 00:07:21]} Qxd2 {[%clk 00:08:30]} {[%emt
00:01:13]} 29. Qxd2 {[%clk 00:13:17]} {[%emt 00:00:02]} Bxd2 {[%clk 00:08:30]}
{[%emt 00:00:03]} 30. Bxb7 {[%clk 00:13:17]} {[%emt 00:00:02]} Rb8 {[%clk
00:07:28]} {[%emt 00:01:12]} 31. Bd5+ {[%clk 00:13:17]} {[%emt 00:00:02]} Kg7
{[%clk 00:06:56]} {[%emt 00:00:41]} 32. c5 {[%clk 00:12:01]} {[%emt 00:01:27]}
Rxb2 {[%clk 00:05:48]} {[%emt 00:01:18]} 33. c6 {[%clk 00:12:01]} {[%emt
00:00:01]} Bh3 {[%clk 00:05:11]} {[%emt 00:00:47]} 0-1

[Event "2024 US National High School (K-12) Championship"]
[Site "Baltimore, Maryland, United States"]
[Date "2024.04.05"]
[Round "1.20"]
[White "Zhang, Justin Weicheng"]
[Black "Zong, Davis"]
[Result "0-1"]
[TimeControl "G/90; d10"]
[BlackTitle "FM"]
[WhiteFideId "30976456"]
[BlackFideId "30903955"]
[WhiteElo "2016"]
[BlackElo "2319"]

1. Nf3 {[%clk 01:30:00]} {[%emt 00:00:01]} d5 {[%clk 01:30:00]} {[%emt
00:00:06]} 2. g3 {[%clk 01:30:00]} {[%emt 00:00:05]} c6 {[%clk 01:29:58]}
{[%emt 00:00:12]} 3. Bg2 {[%clk 01:30:00]} {[%emt 00:00:04]} Bg4 {[%clk
01:29:32]} {[%emt 00:00:36]} 4. d4 {[%clk 01:30:00]} {[%emt 00:00:10]} Nf6
{[%clk 01:28:47]} {[%emt 00:00:56]} 5. O-O {[%clk 01:29:59]} {[%emt 00:00:11]}
e6 {[%clk 01:28:02]} {[%emt 00:00:56]} 6. c4 {[%clk 01:29:18]} {[%emt
00:00:51]} Be7 {[%clk 01:27:06]} {[%emt 00:01:05]} 7. Nc3 {[%clk 01:29:12]}
{[%emt 00:00:17]} O-O {[%clk 01:24:07]} {[%emt 00:03:08]} 8. Bf4 {[%clk
01:28:31]} {[%emt 00:00:50]} Nbd7 {[%clk 01:22:36]} {[%emt 00:01:42]} 9. Re1
{[%clk 01:26:47]} {[%emt 00:01:54]} dxc4 {[%clk 01:17:24]} {[%emt 00:05:22]} 10.
h3 {[%clk 01:21:50]} {[%emt 00:05:07]} Bh5 {[%clk 01:12:49]} {[%emt 00:04:45]}
11. a4 {[%clk 01:19:36]} {[%emt 00:02:25]} Nd5 {[%clk 01:02:26]} {[%emt
00:10:32]} 12. Rc1 {[%clk 01:10:12]} {[%emt 00:09:33]} a6 {[%clk 00:54:26]}
{[%emt 00:08:10]} 13. Nd2 {[%clk 01:06:29]} {[%emt 00:03:53]} Nxf4 {[%clk
00:44:02]} {[%emt 00:10:35]} 14. gxf4 {[%clk 01:06:29]} {[%emt 00:00:02]} Qc7
{[%clk 00:41:24]} {[%emt 00:02:47]} 15. Nxc4 {[%clk 01:03:19]} {[%emt
00:03:20]} Qxf4 {[%clk 00:41:24]} {[%emt 00:00:09]} 16. Qb3 {[%clk 01:02:32]}
{[%emt 00:00:57]} Bh4 {[%clk 00:36:11]} {[%emt 00:05:24]} 17. Ne4 {[%clk
01:00:59]} {[%emt 00:01:41]} Bxe2 {[%clk 00:34:44]} {[%emt 00:01:37]} 18. Ncd2
{[%clk 00:54:57]} {[%emt 00:06:13]} Bh5 {[%clk 00:25:48]} {[%emt 00:09:06]} 19.
Qxb7 {[%clk 00:53:31]} {[%emt 00:01:36]} Rad8 {[%clk 00:22:57]} {[%emt
00:03:02]} 20. Qxa6 {[%clk 00:50:45]} {[%emt 00:02:55]} f5 {[%clk 00:21:18]}
{[%emt 00:01:48]} 21. Qxc6 {[%clk 00:47:24]} {[%emt 00:03:31]} fxe4 {[%clk
00:21:11]} {[%emt 00:00:18]} 22. Nxe4 {[%clk 00:47:09]} {[%emt 00:00:25]} Bxf2+
{[%clk 00:20:21]} {[%emt 00:01:00]} 23. Nxf2 {[%clk 00:47:09]} {[%emt
00:00:06]} Qxf2+ {[%clk 00:20:21]} {[%emt 00:00:02]} 24. Kh1 {[%clk 00:47:09]}
{[%emt 00:00:08]} Bf3 {[%clk 00:17:50]} {[%emt 00:02:42]} 25. Bxf3 {[%clk
00:45:52]} {[%emt 00:01:26]} Qxf3+ {[%clk 00:16:02]} {[%emt 00:01:58]} 26. Qxf3
{[%clk 00:45:52]} {[%emt 00:00:06]} Rxf3 {[%clk 00:16:02]} {[%emt 00:00:03]} 27.
Kg2 {[%clk 00:45:02]} {[%emt 00:01:01]} Rb3 {[%clk 00:14:28]} {[%emt 00:01:44]}
28. Rxe6 {[%clk 00:44:58]} {[%emt 00:00:14]} Rxb2+ {[%clk 00:14:16]} {[%emt
00:00:23]} 29. Kg3 {[%clk 00:44:43]} {[%emt 00:00:25]} Kf7 {[%clk 00:12:55]}
{[%emt 00:01:31]} 30. Rce1 {[%clk 00:44:06]} {[%emt 00:00:46]} Nf6 {[%clk
00:12:35]} {[%emt 00:00:30]} 31. Re7+ {[%clk 00:44:00]} {[%emt 00:00:16]} Kg6
{[%clk 00:11:53]} {[%emt 00:00:52]} 32. Ra7 {[%clk 00:43:51]} {[%emt 00:00:20]}
Rxd4 {[%clk 00:11:45]} {[%emt 00:00:18]} 33. Re3 {[%clk 00:43:28]} {[%emt
00:00:31]} Nh5+ {[%clk 00:11:45]} 0-1

[Event "2024 US National High School (K-12) Championship"]
[Site "Baltimore, Maryland, United States"]
[Date "2024.04.05"]
[Round "1.21"]
[White "Waxberg, Jason"]
[Black "Williams, Akeil"]
[Result "1-0"]
[TimeControl "G/90; d10"]
[WhiteElo "1860"]
[BlackElo "1614"]

1. d4 {[%clk 01:30:00]} {[%emt 00:00:07]} Nf6 {[%clk 01:30:00]} {[%emt
00:00:04]} 2. c4 {[%clk 01:30:00]} {[%emt 00:00:04]} e6 {[%clk 01:30:00]}
{[%emt 00:00:04]} 3. g3 {[%clk 01:30:00]} {[%emt 00:00:03]} d5 {[%clk
01:29:56]} {[%emt 00:00:12]} 4. Bg2 {[%clk 01:30:00]} {[%emt 00:00:08]} c6
{[%clk 01:29:31]} {[%emt 00:00:31]} 5. Nf3 {[%clk 01:30:00]} {[%emt 00:00:10]}
Be7 {[%clk 01:29:23]} {[%emt 00:00:13]} 6. O-O {[%clk 01:30:00]} {[%emt
00:00:07]} O-O {[%clk 01:29:23]} {[%emt 00:00:07]} 7. Nfd2 {[%clk 01:29:11]}
{[%emt 00:01:03]} Nbd7 {[%clk 01:26:06]} {[%emt 00:03:19]} 8. Nc3 {[%clk
01:29:02]} {[%emt 00:00:41]} dxc4 {[%clk 01:22:12]} {[%emt 00:03:43]} 9. Nxc4
{[%clk 01:26:32]} {[%emt 00:02:42]} Nb6 {[%clk 01:10:54]} {[%emt 00:11:28]} 10.
Ne5 {[%clk 01:21:36]} {[%emt 00:05:04]} c5 {[%clk 01:09:37]} {[%emt 00:01:36]}
11. Be3 {[%clk 01:15:55]} {[%emt 00:05:36]} Nbd5 {[%clk 01:05:28]} {[%emt
00:04:25]} 12. Bg5 {[%clk 01:15:54]} {[%emt 00:00:20]} Nxc3 {[%clk 01:04:48]}
{[%emt 00:00:41]} 13. bxc3 {[%clk 01:15:54]} {[%emt 00:00:22]} h6 {[%clk
01:03:50]} {[%emt 00:00:51]} 14. Bxf6 {[%clk 01:15:30]} {[%emt 00:00:36]} Bxf6
{[%clk 01:03:47]} {[%emt 00:00:10]} 15. Rb1 {[%clk 01:15:22]} {[%emt 00:00:31]}
Bxe5 {[%clk 01:02:11]} {[%emt 00:01:36]} 16. dxe5 {[%clk 01:15:22]} {[%emt
00:00:07]} Qxd1 {[%clk 01:02:05]} {[%emt 00:00:16]} 17. Rfxd1 {[%clk 01:15:22]}
{[%emt 00:00:42]} Rb8 {[%clk 01:01:21]} {[%emt 00:00:14]} 18. Rb3 {[%clk
01:12:32]} {[%emt 00:03:04]} b6 {[%clk 01:01:07]} {[%emt 00:00:21]} 19. Ra3
{[%clk 01:12:32]} {[%emt 00:00:04]} a6 {[%clk 00:59:45]} {[%emt 00:01:30]} 20.
Rd6 {[%clk 01:11:35]} {[%emt 00:01:08]} c4 {[%clk 00:54:45]} {[%emt 00:05:12]}
21. Ra4 {[%clk 01:10:51]} {[%emt 00:01:10]} b5 {[%clk 00:54:28]} {[%emt
00:00:09]} 22. Rb4 {[%clk 01:10:51]} {[%emt 00:00:08]} a5 {[%clk 00:53:13]}
{[%emt 00:01:21]} 23. Rb1 {[%clk 01:10:22]} {[%emt 00:00:39]} b4 {[%clk
00:51:12]} {[%emt 00:02:11]} 24. Rc6 {[%clk 01:10:22]} {[%emt 00:00:39]} b3
{[%clk 00:50:42]} {[%emt 00:00:08]} 25. a3 {[%clk 01:09:44]} {[%emt 00:00:48]}
Bb7 {[%clk 00:46:46]} {[%emt 00:04:07]} 26. Rxc4 {[%clk 01:08:57]} {[%emt
00:00:56]} Ba6 {[%clk 00:46:22]} {[%emt 00:00:34]} 27. Rc5 {[%clk 01:00:53]}
{[%emt 00:08:16]} Bxe2 {[%clk 00:45:20]} {[%emt 00:01:10]} 28. Rb2 {[%clk
01:00:52]} {[%emt 00:00:19]} Bd1 {[%clk 00:44:31]} {[%emt 00:00:50]} 29. c4
{[%clk 00:42:44]} {[%emt 00:18:51]} Rbc8 {[%clk 00:39:41]} {[%emt 00:04:28]} 30.
Rxa5 {[%clk 00:33:59]} {[%emt 00:08:54]} Rxc4 {[%clk 00:39:36]} {[%emt
00:00:38]} 31. Bf1 {[%clk 00:33:51]} {[%emt 00:00:07]} Rc3 {[%clk 00:39:01]}
{[%emt 00:00:36]} 32. a4 {[%clk 00:26:28]} {[%emt 00:07:31]} Rd8 {[%clk
00:37:26]} {[%emt 00:01:44]} 33. f4 {[%clk 00:17:15]} {[%emt 00:09:39]} Bc2
{[%clk 00:37:11]} {[%emt 00:00:24]} 34. Rb5 {[%clk 00:16:55]} {[%emt 00:00:15]}
Rd1 {[%clk 00:36:14]} {[%emt 00:01:08]} 35. Kf2 {[%clk 00:16:13]} {[%emt
00:00:54]} Rxf1+ {[%clk 00:35:42]} {[%emt 00:00:39]} 36. Kxf1 {[%clk 00:16:13]}
{[%emt 00:00:21]} Bd3+ {[%clk 00:35:42]} {[%emt 00:00:11]} 37. Ke1 {[%clk
00:16:13]} Bxb5 {[%clk 00:34:12]} {[%emt 00:01:29]} 38. axb5 {[%clk 00:16:05]}
{[%emt 00:00:19]} Kf8 {[%clk 00:34:12]} {[%emt 00:00:10]} 39. b6 {[%clk
00:16:05]} {[%emt 00:00:03]} Rc8 {[%clk 00:33:58]} {[%emt 00:00:22]} 40. Rxb3
{[%clk 00:16:05]} {[%emt 00:00:10]} Rb8 {[%clk 00:33:40]} {[%emt 00:00:25]} 41.
Ke2 {[%clk 00:16:05]} {[%emt 00:00:40]} Ke7 {[%emt 00:00:03]} 42. Kd3 {[%clk
00:13:21]} {[%emt 00:02:32]} Kd7 {[%clk 00:32:54]} {[%emt 00:01:02]} 43. Kc4
{[%clk 00:11:57]} {[%emt 00:01:34]} Kc6 {[%clk 00:32:43]} {[%emt 00:00:22]} 44.
b7 {[%clk 00:11:57]} Rxb7 {[%clk 00:31:23]} {[%emt 00:01:27]} 45. Rxb7 {[%clk
00:11:57]} {[%emt 00:00:19]} Kxb7 {[%clk 00:31:23]} 46. Kb5 {[%clk 00:11:57]}
{[%emt 00:00:03]} Kc7 {[%clk 00:31:23]} 47. Kc5 {[%clk 00:11:57]} {[%emt
00:00:09]} Kd7 {[%clk 00:31:23]} {[%emt 00:00:04]} 48. Kb6 {[%clk 00:11:57]} h5
{[%clk 00:30:24]} {[%emt 00:01:04]} 49. Kb7 {[%emt 00:01:50]} f6 {[%clk
00:29:22]} 50. Kb6 {[%clk 00:11:43]} {[%emt 00:00:06]} Ke7 {[%clk 00:27:30]}
{[%emt 00:01:50]} 51. Kc7 {[%clk 00:11:43]} {[%emt 00:00:04]} g5 {[%clk
00:27:15]} {[%emt 00:00:24]} 52. Kc6 {[%clk 00:11:02]} {[%emt 00:00:51]} h4
{[%clk 00:26:35]} {[%emt 00:00:52]} 53. Kc7 {[%clk 00:11:02]} {[%emt 00:00:07]}
gxf4 {[%clk 00:25:07]} {[%emt 00:01:34]} 54. gxf4 {[%clk 00:11:02]} {[%emt
00:00:35]} h3 {[%clk 00:24:44]} {[%emt 00:00:07]} 55. Kc6 {[%clk 00:11:02]}
{[%emt 00:00:07]} fxe5 {[%clk 00:24:35]} {[%emt 00:00:16]} 56. fxe5 {[%clk
00:11:02]} {[%emt 00:00:35]} Kf7 {[%clk 00:24:09]} {[%emt 00:00:05]} 57. Kd7
{[%clk 00:11:02]} {[%emt 00:00:04]} Kf8 {[%clk 00:23:59]} {[%emt 00:00:18]} 58.
Kxe6 {[%clk 00:11:02]} {[%emt 00:00:06]} Ke8 {[%clk 00:23:59]} {[%emt
00:00:37]} 59. Kf6 {[%clk 00:10:47]} {[%emt 00:00:03]} Kf8 {[%clk 00:23:28]}
{[%emt 00:00:34]} 60. e6 {[%clk 00:10:47]} {[%emt 00:00:09]} Ke8 {[%clk
00:23:28]} 61. e7 {[%clk 00:10:47]} Kd7 {[%clk 00:23:28]} {[%emt 00:00:09]} 62.
Kf7 {[%clk 00:10:47]} 1-0

[Event "2024 US National High School (K-12) Championship"]
[Site "Baltimore, Maryland, United States"]
[Date "2024.04.05"]
[Round "1.22"]
[White "Grimaldi, Benjamin"]
[Black "Aggarwal, Raghav"]
[Result "0-1"]
[TimeControl "G/90; d10"]
[BlackFideId "30970911"]
[WhiteElo "1613"]
[BlackElo "1858"]

1. d4 {[%clk 01:30:00]} {[%emt 00:00:35]} d5 {[%clk 01:30:00]} 2. c4 {[%clk
01:30:00]} c6 {[%clk 01:30:00]} {[%emt 00:00:04]} 3. Nf3 {[%clk 01:30:00]} Nf6
{[%clk 01:30:00]} 4. Nc3 {[%clk 01:30:00]} e6 {[%clk 01:30:00]} {[%emt
00:00:06]} 5. e3 {[%clk 01:30:00]} Bd6 {[%clk 01:30:00]} {[%emt 00:00:05]} 6.
Qc2 {[%clk 01:30:00]} {[%emt 00:00:04]} O-O {[%clk 01:29:43]} {[%emt 00:00:57]}
7. Bd3 {[%clk 01:30:00]} dxc4 {[%clk 01:29:38]} 8. Bxc4 {[%clk 01:30:00]} b5
{[%clk 01:29:29]} {[%emt 00:00:07]} 9. Bd3 {[%clk 01:29:57]} {[%emt 00:00:35]}
Nbd7 {[%clk 01:27:57]} {[%emt 00:01:22]} 10. O-O {[%clk 01:29:29]} {[%emt
00:01:07]} Bb7 {[%clk 01:27:35]} {[%emt 00:00:05]} 11. b3 {[%clk 01:28:21]}
{[%emt 00:01:15]} a6 {[%clk 01:27:03]} {[%emt 00:00:42]} 12. Ne4 {[%clk
01:25:33]} {[%emt 00:02:57]} Nxe4 {[%clk 01:08:30]} {[%emt 00:18:43]} 13. Bxe4
{[%clk 01:25:27]} {[%emt 00:00:17]} f5 {[%clk 01:00:40]} {[%emt 00:08:00]} 14.
Bd3 {[%clk 01:24:49]} {[%emt 00:00:51]} c5 {[%clk 00:53:09]} {[%emt 00:07:38]}
15. Ba3 {[%clk 01:19:00]} {[%emt 00:06:03]} Bxf3 {[%clk 00:45:49]} {[%emt
00:07:26]} 16. gxf3 {[%clk 01:18:14]} {[%emt 00:00:56]} Bxh2+ {[%clk 00:27:36]}
{[%emt 00:18:23]} 17. Kxh2 {[%clk 01:17:10]} {[%emt 00:01:16]} Qh4+ {[%clk
00:27:36]} {[%emt 00:00:08]} 18. Kg1 {[%clk 01:16:07]} {[%emt 00:01:17]} Qg5+
{[%clk 00:27:24]} {[%emt 00:00:19]} 19. Kh2 {[%clk 01:08:17]} {[%emt 00:08:00]}
0-1